| Tag |
First Indicator |
Second Indicator |
Subfields |
| LEADER |
00000cam a2200000 a 4500 |
| 001 |
in00002787890 |
| 005 |
20211120170514.0 |
| 006 |
m d f |
| 007 |
cr bn||||||||| |
| 008 |
121101s2012 dcu ob f000 0 eng c |
| 035 |
|
|
|a (OCoLC)ocn815667807
|
| 040 |
|
|
|a GPO
|c GPO
|d GPO
|d MvI
|d UtOrBLW
|
| 042 |
|
|
|a pcc
|
| 043 |
|
|
|a n-us-fl
|a n-us---
|
| 049 |
|
|
|a WWW
|
| 050 |
1 |
4 |
|a KF27
|b .P8964 2012d
|
| 074 |
|
|
|a 1024-C-01 (online)
|
| 086 |
0 |
|
|a Y 4.T 68/2:112-98
|
| 110 |
1 |
|
|a United States.
|b Congress.
|b House.
|b Committee on Transportation and Infrastructure.
|b Subcommittee on Economic Development, Public Buildings, and Emergency Management.
|
| 245 |
1 |
0 |
|a Sitting on our assets :
|b the vacant federal courthouse in Miami : field hearing before the Subcommittee on Economic Development, Public Buildings, and Emergency Management of the Committee on Transportation and Infrastructure, House of Representatives, One Hundred Twelfth Congress, second session, August 6, 2012 (Miami, Florida).
|
| 246 |
3 |
0 |
|a Vacant federal courthouse in Miami
|
| 264 |
|
1 |
|a Washington :
|b U.S. G.P.O.,
|c 2012.
|
| 300 |
|
|
|a 1 online resource (x, 66 pages)
|
| 336 |
|
|
|a text
|b txt
|2 rdacontent
|
| 337 |
|
|
|a computer
|b c
|2 rdamedia
|
| 338 |
|
|
|a online resource
|b cr
|2 rdacarrier
|
| 500 |
|
|
|a Title from title screen (viewed on Nov. 1, 2012).
|
| 500 |
|
|
|a Paper version available for sale by the Supt. of Docs., U.S. G.P.O.
|
| 504 |
|
|
|a Includes bibliographical references.
|
| 500 |
|
|
|a "112-98."
|
| 500 |
|
|
|a Electronic resource.
|
| 610 |
2 |
0 |
|a David W. Dyer Federal Building and United States Courthouse (Miami, Fla.)
|
| 610 |
2 |
0 |
|a Wilkie D. Ferguson, Jr., United States Courthouse (Miami, Fla.)
|
| 650 |
|
0 |
|a Courthouses
|z Florida
|z Miami.
|
| 650 |
|
0 |
|a Courts
|z Florida
|z Miami.
|
| 650 |
|
0 |
|a Surplus government property
|z Florida
|z Miami.
|
| 650 |
|
0 |
|a Government sale of real property
|z United States.
|
| 650 |
|
0 |
|a Surplus government property
|z United States.
|
| 650 |
|
0 |
|a Public buildings
|z United States
|x Management.
|
| 610 |
1 |
0 |
|a United States.
|b General Services Administration.
|
| 650 |
|
0 |
|a Waste in government spending
|z United States.
|
| 776 |
0 |
8 |
|i Print version:
|a United States. Congress. House. Committee on Transportation and Infrastructure. Subcommittee on Economic Development, Public Buildings, and Emergency Management.
|t Sitting on our assets
|w (OCoLC)820261759
|
| 776 |
0 |
8 |
|i Microfiche version:
|a United States. Congress. House. Committee on Transportation and Infrastructure. Subcommittee on Economic Development, Public Buildings, and Emergency Management.
|t Sitting on our assets
|w (OCoLC)828677404
|
| 856 |
4 |
0 |
|u https://purl.fdlp.gov/GPO/gpo30792
|t 0
|
| 999 |
|
|
|a MARS
|
| 999 |
f |
f |
|s 203a4ea1-aea0-31f1-8be7-d80cb3873968
|i a56479fd-5cb3-379d-bfb3-99203506a23d
|t 0
|
| 952 |
f |
f |
|a Texas A&M University
|b College Station
|c Electronic Resources
|d Available Online
|t 0
|e Y 4.T 68/2:112-98
|h Superintendent of Documents classification
|
| 998 |
f |
f |
|a Y 4.T 68/2:112-98
|t 0
|l Available Online
|